000 00213 a2200097 4500
001 38027
100 _aMillman J
245 _aMicroelectronics
260 _aSingapore
_bMcGraw-Hill
_c1987
090 _c24206
_d24206
942 _aNUST-CAE
_cM
_c15788
999 _c273100
_d273100